000 00565 a2200205 4500
001 62012
005 20260407155914.0
008 260407a1968 arg spa d
003 AR-UNSa-BCEJYS
040 _aAR-UNSa-BCEJYS
_bspa
_cAR-UNSa-BCEJYS
080 _a349.2
_xDerecho del Trabajo
245 1 0 _aIntroducción al derecho del trabajo
250 _a2a. ed.
264 1 _aMadrid :
_bRevista de Derecho Privado
_c1968
300 _a258 p.
_c23 cm.
041 _aspa
942 _cBK
590 _aniveau_biblio:m niveau_hierar:0
100 1 _aAlonso Olea, Manuel
999 _c7543
_d7543